000 00360nam a2200121Ia 4500
008 240731s9999 xx 000 0 und d
022 _a1550-4271
245 0 _aJournal of Dual Diagnosis : research and practice in substance abuse comorbidity
260 _bTaylor & Francis
856 _uhttps://www.tandfonline.com/loi/wjdd20
942 _2ddc
942 _cTFEJ
999 _c77639
_d77639
945 _a1
_bMadushi Gamage
_c1
_dMadushi Gamage